000
00309nam a22001337a 4500
008
171030b xxu||||| |||| 00| 0 eng d
020
_a
9781577180449
041
_a
eng
080
_2
3rd
_a
336
100
_a
56
101
_a
FIN
245
_a
THE REVOLUTION IN CORPORATE FINANCE
_c
STERN,J.M
942
_2
udc
_c
BK
999
_c
36402
_d
36402